Development plans go online (Record no. 71206)

MARC details
000 -LEADER
fixed length control field 01002cam a2200217 4500
001 - CONTROL NUMBER
control field WB3835-16
008 - FIXED-LENGTH DATA ELEMENTS--GENERAL INFORMATION
fixed length control field 020924n2002 000 0 eng u
035 ## - SYSTEM CONTROL NUMBER
System control number (Sirsi) u119820
245 ## - TITLE STATEMENT
Title Development plans go online
260 ## - PUBLICATION, DISTRIBUTION, ETC.
Date of publication, distribution, etc. 2002
490 ## - SERIES STATEMENT
Series statement RICS Planning & Development Faculty News
Volume/sequential designation 23 September 2002, (1)
520 ## - SUMMARY, ETC.
Summary, etc. The first three development plans in England and Wales are now available online via the Planning Portal. The website is now displaying information about development plans for the City of London, Tameside and Wokingham. For RICS Planning & Development Faculty News: http://www.rics.org/ricscms/bin/show?class=News&template=/includes/shownews.html&id=3716 For the Planning Portal: http://www.planningportal.gov.uk
590 ## - LOCAL NOTE (RLIN)
Local note WB
650 ## - SUBJECT ADDED ENTRY--TOPICAL TERM
Topical term or geographic name entry element DEVELOPMENT PLANS
650 ## - SUBJECT ADDED ENTRY--TOPICAL TERM
Topical term or geographic name entry element PLANNING PORTAL
650 ## - SUBJECT ADDED ENTRY--TOPICAL TERM
Topical term or geographic name entry element GIS
650 ## - SUBJECT ADDED ENTRY--TOPICAL TERM
Topical term or geographic name entry element ONLINE DATABASES
650 ## - SUBJECT ADDED ENTRY--TOPICAL TERM
Topical term or geographic name entry element LOCAL AUTHORITY
690 ## - LOCAL SUBJECT ADDED ENTRY--TOPICAL TERM (OCLC, RLIN)
Topical term or geographic name as entry element ENVIRONMENTAL AND LAND CONSULTANCY-PLANNING AND DEVELOPMENT
942 ## - ADDED ENTRY ELEMENTS (KOHA)
Suppress in OPAC 0
Holdings
Withdrawn status Lost status Source of classification or shelving scheme Damaged status Not for loan Home library Current library Shelving location Date acquired Total Checkouts Full call number Barcode Date last seen Copy number Price effective from Koha item type
    Dewey Decimal Classification     London London News article 24/09/2002   WB3835-16 119820-1001 06/08/2019 1 06/08/2019 News article